Botanical art of Korea rare plants
| Other Authors: | |
|---|---|
| Format: | Book |
| Published: |
Seoul, Korea :
GeoBook Publishing Co. ,
2011
|
| Subjects: |
MARC
| LEADER | 00000cam a2200000 7i4500 | ||
|---|---|---|---|
| 001 | 0000004006 | ||
| 005 | 20131023.0 | ||
| 020 | 0 | 0 | |a 978899424209503600 |
| 090 | 0 | 0 | |a 481.9911 |b KOREAN |
| 245 | 1 | 0 | |a Botanical art of Korea rare plants |
| 260 | 0 | 0 | |a Seoul, Korea : |b GeoBook Publishing Co. , |c 2011 |
| 300 | |a 286p. : |b ill. ; |c 20cm. | ||
| 650 | 0 | 0 | |a Botany |
| 650 | 0 | 0 | |a Rare plants |
| 700 | 0 | 1 | |a Korea National Arboretum |
| 999 | |a 007829 |b Monograph |c Open Shelf |e Default branch | ||